Normal view MARC view
  • Monaliza

Entry Personal Name

Number of records used in: 1

001 - CONTROL NUMBER

  • control field: 216413

003 - CONTROL NUMBER IDENTIFIER

  • control field: OSt

005 - DATE AND TIME OF LATEST TRANSACTION

  • control field: 20260122114148.0

008 - FIXED-LENGTH DATA ELEMENTS

  • fixed length control field: 260122|| aca||aabn | a|a d

040 ## - CATALOGING SOURCE

  • Original cataloging agency: OSt
  • Transcribing agency: OSt

100 ## - HEADING--PERSONAL NAME

  • Personal name: Monaliza

670 ## - SOURCE DATA FOUND

  • Source citation: Work cat.: (OSt)370035: Arora Smriti Monaliza, Nursing Research and Statistics for B.Sc. Nursing Students VII Semester, 22.01.2026